书目信息 |
| 题名: |
东方舞蹈的美学理论基础研究
|
|
| 作者: | 曲超 著 | |
| 分册: | ||
| 出版信息: | 北京 北京工业大学出版社 2021.4 |
|
| 页数: | 188页 | |
| 开本: | 24cm | |
| 丛书名: | ||
| 单 册: | ||
| 中图分类: | J701 | |
| 科图分类: | ||
| 主题词: | 舞蹈美学--美学理论--研究--东方国家 | |
| 电子资源: | ||
| ISBN: | 978-7-5639-6929-6 | |
| 000 | 00826nam0 2200229 45 | |
| 001 | 012001000682 | |
| 005 | 20130909125708.0 | |
| 010 | @a978-7-5639-6929-6@dCNY61.00 | |
| 100 | @a20200116d2019 em y0chiy0110 ea | |
| 101 | 0 | @achi |
| 102 | @aCN@b110000 | |
| 105 | @ay z 000yy | |
| 106 | @ar | |
| 200 | 1 | @a东方舞蹈的美学理论基础研究@Adong fang wu dao de mei xue li lun ji chu yan jiu@f曲超著 |
| 210 | @a北京@c北京工业大学出版社@d2021.4 | |
| 215 | @a188页@d24cm | |
| 330 | @a本书共七章,内容包括:东方舞蹈的美学理论基础、中国舞蹈概述、中国古典舞的当代建构、印度舞蹈的“媚”之美、韩国舞蹈的“拙”之美、中国舞蹈的“雅”之美、中国民族民间舞蹈艺术。 | |
| 606 | 0 | @a舞蹈美学@x美学理论@x研究@x东方国家 |
| 690 | @aJ701@v5 | |
| 701 | 0 | @a曲超@Aqu chao@4著 |
| 801 | @aCN@b江苏凤凰@c20211018 | |
| 905 | @b1340616-9@dJ701@e293@f4 | |
| 东方舞蹈的美学理论基础研究/曲超著.-北京:北京工业大学出版社,2021.4 |
| 188页;24cm |
| ISBN 978-7-5639-6929-6:CNY61.00 |
| 本书共七章,内容包括:东方舞蹈的美学理论基础、中国舞蹈概述、中国古典舞的当代建构、印度舞蹈的“媚”之美、韩国舞蹈的“拙”之美、中国舞蹈的“雅”之美、中国民族民间舞蹈艺术。 |
| ● |
| 相关链接 |
|
|
|
|
正题名:东方舞蹈的美学理论基础研究
索取号:J701/293
 
预约/预借
| 序号 | 登录号 | 条形码 | 馆藏地/架位号 | 状态 | 备注 |
| 1 | 1340616 | 213406161 | 第一样本阅览室/ [索取号:J701/293] | 在馆 | |
| 2 | 1340617 | 213406170 | 第一借阅区/ [索取号:J701/293] | 在馆 | |
| 3 | 1340618 | 213406189 | 第一借阅区/ [索取号:J701/293] | 在馆 | |
| 4 | 1340619 | 213406198 | 第一借阅区/ [索取号:J701/293] | 在馆 |